[Event "Klatovy op-A"]
[Site "Klatovy"]
[Date "1998.??.??"]
[Round "?"]
[White "Sladek, Jaroslav"]
[Black "Tejkal, Jiri"]
[Result "1/2-1/2"]
[WhiteElo "1870"]
[BlackElo "2010"]

1.e4 d6 2.d4 g6 3.Nc3 Bg7 4.Be3 c6 5.Bc4 Nf6 6.f3 d5 7.Bd3 dxe4 8.Nxe4 Nd5
9.Bd2 Nd7 10.c4 N5f6 11.Nxf6+ Nxf6 12.Ne2 O-O 13.O-O Qb6 14.Be3 Rd8 15.Qc1 Bd7
16.Qc3 Rac8 17.Rad1 Qa6 18.Bc2 Ne8 19.Qb4 b6 20.a4 Nd6 21.b3 Bf5 22.Bxf5 Nxf5
23.Bf2 e6 24.Rd3 Rd7 25.Rfd1 Rcd8 26.Qe1 c5 27.d5 Ne7 28.Nf4 exd5 29.Nxd5 Nxd5
30.Rxd5 Rxd5 31.Rxd5 Qc8 32.Qd2 Re8 33.Rd7 Bd4 34.Rd5 Bxf2+ 35.Kxf2 Qc7 36.g3 Qe7
37.Rd7 Qe6  1/2-1/2

[Event "Klatovy op-A"]
[Site "Klatovy"]
[Date "1998.??.??"]
[Round "?"]
[White "Malec, J."]
[Black "Kovar, Vojtech"]
[Result "0-1"]
[WhiteElo "2055"]
[BlackElo "1865"]

1.d4 d6 2.e4 g6 3.Nc3 Bg7 4.f4 Nf6 5.Nf3 O-O 6.Bc4 c5 7.d5 Nfd7 8.O-O Qa5
9.Bd2 Qb4 10.Bb3 c4 11.Na4 Qb5 12.Qe2 a6 13.Nc3 Bxc3 14.Bxc4 Qb6+ 15.Be3 Qxb2
16.a3 b5 17.Ra2 bxc4 18.Rxb2 Bxb2 19.Nd4 Nf6 20.Qf3 Ng4 21.f5 Nxe3 22.Qxe3 Bxd4
23.Qxd4 Nd7 24.h4 f6 25.fxg6 hxg6 26.Qxc4 Ne5 27.Qc3 Bd7 28.Qe3 Kg7 29.Rb1 Rfc8
30.Qe2 Rc5 31.Rb7 Rac8 32.Qxa6 Rxc2 33.Rb3 Rc1+ 34.Kh2 Ng4+ 35.Kg3 R8c3+
36.Rxc3 Rxc3+ 37.Kf4 Kh6 38.e5 dxe5+  0-1

[Event "Klatovy op-A"]
[Site "Klatovy"]
[Date "1998.??.??"]
[Round "?"]
[White "Folk, Petr"]
[Black "Malec, J."]
[Result "1-0"]
[WhiteElo "2270"]
[BlackElo "2055"]

1.e4 g6 2.d4 Bg7 3.Nc3 d6 4.f4 Nf6 5.Nf3 O-O 6.Bd3 c5 7.dxc5 dxc5 8.O-O Qb6
9.Kh1 e6 10.Ne5 Nbd7 11.Nc4 Qc7 12.e5 Nb6 13.Nb5 Qe7 14.Nxa7 Nfd7 15.Nxc8 Rfxc8
16.Bd2 Nxc4 17.Bxc4 Nb6 18.Qe2 Rd8 19.Bd3 c4 20.Be4 Na4 21.b3 Nc5 22.Bb4 Rd4
23.Qe3 Rad8 24.c3 Rxe4 25.Qxe4 Nxe4 26.Bxe7 Rd7 27.Bh4 g5 28.Rfe1 f5 29.exf6 Bxf6
30.Rxe4 Bxc3 31.Rf1  1-0

[Event "Korinthos op"]
[Site "Korinthos"]
[Date "1998.??.??"]
[Round "4"]
[White "Agouridis, Aris"]
[Black "Khetsuriani, Besarion"]
[Result "1/2-1/2"]
[WhiteElo "2100"]
[BlackElo "2325"]

1.e4 d6 2.d4 g6 3.Nc3 Bg7 4.f4 Nc6 5.Be3 Nf6 6.h3 e6 7.Nf3 Ne7 8.g4 b6 9.g5 Nh5
10.Rg1 Bb7 11.Be2 h6 12.h4 a6 13.Qd2 Qd7 14.O-O-O O-O-O 15.Ne1 hxg5 16.hxg5 d5
17.e5 Nf5 18.Bf2 Bf8 19.Nd3 Be7 20.Kb1 Kb8 21.a3 Rh7 22.Na2 Nhg7 23.Rh1 Rdh8
24.Rxh7 Rxh7 25.Bf3 Rh3 26.Bg2 Rh8 27.Rh1 Rxh1+ 28.Bxh1 Qe8 29.Qe1 a5 30.Nac1 Qh8
31.Bg2 Qe8 32.Qc3 Ba6 33.Bf3 Qa4 34.Be2 Bb7 35.Bf3 Nh5 36.Ne2 Nhg7 37.Nec1 Qc4
38.Qxc4 dxc4 39.Ne1 Nh5 40.Ne2 Bd8 41.c3 Ne7 42.Bxb7 Kxb7 43.Be3 Kc6 44.Nf3 Nf5
45.Bf2 Ne7 46.Be3 Nd5 47.Bd2 Be7 48.Nh2 b5 49.Ng4 Kd7 50.Nh6 Ke8 51.Ng4 c6
52.Nf6+ Nhxf6 53.gxf6 Bf8 54.Ng1 b4 55.axb4 axb4 56.cxb4 Bxb4 57.Bxb4 Nxb4
58.Ne2 Nd5 59.Kc2 Kf8 60.b3 c3 61.Nxc3 Nxf4 62.Ne4 Nd5 63.Ng5 Ke8 64.Kd3 Nb6
65.Kc3 Nd7 66.Kc4 Kf8 67.Kb4  1/2-1/2

[Event "MK Cafe Cup-B"]
[Site "Koszalin"]
[Date "1998.??.??"]
[Round "2"]
[White "Fojudzki, Marcin"]
[Black "Wismont, Ryszard"]
[Result "0-1"]
[WhiteElo "2050"]
[BlackElo "2285"]

1.e4 g6 2.d4 Bg7 3.Nc3 d6 4.Bc4 Nf6 5.Qe2 c6 6.e5 dxe5 7.dxe5 Nd5 8.Bd2 Be6
9.O-O-O O-O 10.Ne4 b5 11.Bb3 a5 12.Nc3 Nxc3 13.Bxc3 Qc8 14.Bxe6 Qxe6 15.b3 a4
16.h4 axb3 17.axb3 Nd7 18.Nf3 Nb6 19.Ng5 Qc8 20.h5 Nd5 21.hxg6 hxg6 22.Bb2 Qf5
23.Nf3 Ra2 24.Kb1 Rfa8 25.Rh4 b4 26.Qd3 Qc8 27.Qd4 Qa6 28.Kc1 Nc3 29.Bxc3 bxc3
30.Qxc3 Qe2 31.Ra4 Bh6+ 32.Nd2 Bxd2+ 33.Qxd2 Qxd2+ 34.Rxd2 R2xa4 35.bxa4 Rxa4
36.Rd7 e6 37.Rc7 Re4 38.Rxc6 Re2 39.f4 Rxg2 40.Rc4 Kg7 41.Rd4 g5 42.fxg5 Re2
43.c4 Rxe5 44.Rd3 Rxg5 45.Rc3 Rc5 46.Kd2 f5 47.Kd3 e5 48.Rb3 Kf6 49.Rb6+ Kg5
50.Rb1 Rc8 51.Rg1+ Kf6 52.Rc1 e4+ 53.Ke3 Ke5 54.c5 f4+ 55.Ke2 Rc6 56.Rc2 Kd4
57.Rd2+ Kxc5 58.Rd8 Ra6 59.Rc8+ Kd6 60.Rd8+ Ke5 61.Re8+ Re6 62.Rd8 Rd6 63.Re8+ Kd4
64.Ra8 Rd5 65.Ra4+ Ke5 66.Ra8 f3+ 67.Ke3 Rd3+ 68.Kf2 Rd2+ 69.Ke1 Rb2 70.Ra5+ Kf4
71.Ra8 Rb1+ 72.Kf2 e3+  0-1

[Event "MK Cafe Cup-B"]
[Site "Koszalin"]
[Date "1998.??.??"]
[Round "3"]
[White "Cherkasov, Nikolai"]
[Black "Starczewska, Malgorzata"]
[Result "1-0"]
[WhiteElo "2295"]
[BlackElo "2035"]

1.e4 g6 2.d4 Bg7 3.Nc3 d6 4.f4 Nc6 5.Be3 Nf6 6.Be2 O-O 7.e5 dxe5 8.dxe5 Qxd1+
9.Rxd1 Ng4 10.Bc5 g5 11.fxg5 Ngxe5 12.Nd5 Bf5 13.c3 Rfd8 14.Nf3 e6 15.Nxe5 Bxe5
16.Nf6+ Bxf6 17.gxf6 Rxd1+ 18.Kxd1 Rd8+ 19.Kc1 b6 20.Be3 Rd7 21.Bb5 Rd6 22.Bf4 e5
23.Bg3 Rxf6 24.Rf1 Ne7 25.Bh4 Kg7 26.Bxf6+ Kxf6 27.g4 Kg5 28.gxf5 Nxf5 29.Bd3 Nd6
30.Bxh7 f5 31.Kd2 e4 32.Ke3 f4+ 33.Rxf4 Nc4+ 34.Kxe4 Nd6+ 35.Kf3  1-0

[Event "MK Cafe Cup-B"]
[Site "Koszalin"]
[Date "1998.??.??"]
[Round "4"]
[White "Grabarska, Barbara"]
[Black "Wismont, Ryszard"]
[Result "0-1"]
[WhiteElo "2195"]
[BlackElo "2285"]

1.e4 g6 2.d4 Bg7 3.Nc3 d6 4.Bc4 Nf6 5.Qe2 O-O 6.e5 Ne8 7.Nf3 c6 8.Bg5 d5
9.Bd3 Nc7 10.Qe3 c5 11.Bh6 Nc6 12.Bxg7 Kxg7 13.O-O-O Bg4 14.Qf4 Bxf3 15.gxf3 Ne6
16.Qg3 Nexd4 17.h4 c4 18.Bf1 e6 19.h5 Nf5 20.Qh2 Qg5+ 21.f4 Qh6 22.Kb1 a6
23.Ne2 Rg8 24.Qg2 Kf8 25.Qf3 g5 26.Bh3 Nfe7 27.Rhg1 gxf4 28.Rxg8+ Kxg8 29.Nxf4 Nxe5
30.Qg3+ Qg7 31.Qh4 Kf8 32.Bxe6 h6 33.Bxd5 Qg5 34.Qxg5 hxg5 35.Nh3 Rd8 36.Bf3 Rxd1+
37.Bxd1 g4 38.Nf4 Kg7 39.Kc1 Kh6 40.Kd2 Nf5 41.Be2 Kg5 42.Nd5 Kxh5 43.Nb6 Nd6
44.Ke3 f5 45.Kd4 Nc6+ 46.Ke3 Kg5 47.Bxc4 f4+ 48.Ke2 Nxc4 49.Nxc4 Kh4 50.Nd6 Kh3
51.Ne4 Kg2 52.c4 Nd4+ 53.Kd3 Nc6 54.Ke2 a5 55.b3 Nb4 56.Nf6 f3+ 57.Ke3 g3  0-1

[Event "MK Cafe Cup-B"]
[Site "Koszalin"]
[Date "1998.??.??"]
[Round "6"]
[White "Fojudzki, Marcin"]
[Black "Eidelson, Rakhil"]
[Result "0-1"]
[WhiteElo "2050"]
[BlackElo "2315"]

1.e4 d6 2.d4 g6 3.Nc3 Bg7 4.Bc4 c6 5.Qe2 b5 6.Bb3 Bxd4 7.Nf3 Bg7 8.e5 Nh6
9.Bg5 d5 10.Nxd5 cxd5 11.Bxh6 Bxh6 12.Qxb5+ Bd7 13.Qxd5 O-O 14.Rd1 Qc7 15.O-O Bc6
16.Qd3 Qb7 17.Bd5 Bg7 18.Rfe1 e6 19.Be4 Na6 20.Bxc6 Qxc6 21.Qd6 Qxd6 22.Rxd6 Nb4
23.c3 Nd5 24.c4 Nb6 25.c5 Nc4 26.Rd4 Na5 27.Ra4 Nc6 28.a3 a5 29.Rc4 Rab8
30.Rb1 Rfd8 31.h3 Rb5 32.b4 Bf8  0-1

[Event "MK Cafe Cup-B"]
[Site "Koszalin"]
[Date "1998.??.??"]
[Round "7"]
[White "Lukinov, Petr"]
[Black "Rutkowska, Mariola"]
[Result "1-0"]
[WhiteElo "2290"]
[BlackElo "2115"]

1.e4 g6 2.d4 Bg7 3.Nc3 d6 4.f4 Nc6 5.Be3 Nf6 6.Nf3 d5 7.exd5 Nb4 8.Bb5+ Bd7
9.Bxd7+ Qxd7 10.O-O O-O 11.Ne5 Qf5 12.Rc1 Nbxd5 13.Nxd5 Nxd5 14.Bd2 Rad8
15.Qf3 h5 16.c4 Nf6 17.Be3 Ng4 18.Rfd1 c6 19.Bf2 Nxf2 20.Qxf2 Rd6 21.Rd2 Rfd8
22.Rcd1 f6 23.c5 Rd5 24.Nc4 R5d7 25.Qf3 Bh6 26.g3 Qe6 27.b3 Qd5 28.Qf2 Qf5
29.Re1 h4 30.Ne3 Qh3 31.Nc4 Kf7 32.Rd3 hxg3 33.hxg3 Rd5 34.Qf3 Bg7 35.Qe4 R8d7
36.Nd6+ Kg8 37.f5 Rxf5 38.Qe6+ Kh7 39.Nxf5 Qxf5 40.Rd2 Bh6 41.Qf7+  1-0

[Event "MK Cafe Cup-B"]
[Site "Koszalin"]
[Date "1998.??.??"]
[Round "8"]
[White "Shevchenko, Sergey"]
[Black "Dlugosz, Jedrzej"]
[Result "1-0"]
[WhiteElo "2260"]
[BlackElo "2120"]

1.e4 g6 2.d4 Bg7 3.Nc3 d6 4.Be3 a6 5.g4 b5 6.g5 Bb7 7.Bg2 Nd7 8.Qd2 Nb6 9.b3 c5
10.Rd1 Qc7 11.dxc5 dxc5 12.Nge2 h6 13.Bf4 Qc8 14.Nd5 Nxd5 15.exd5 Qd7 16.h4 hxg5
17.hxg5 Rxh1+ 18.Bxh1 e5 19.Qe3 Qe7 20.d6 exf4 21.Qxf4 Qd7 22.Bxb7 Qxb7 23.d7+ Kd8
24.Qxf7 Bd4 25.Nxd4 cxd4 26.Rxd4 Qh1+ 27.Kd2  1-0

[Event "RUS-Cup"]
[Site "Krasnodar"]
[Date "1998.??.??"]
[Round "2"]
[White "Zhukov, Vadim A"]
[Black "Gelman, Alexander"]
[Result "0-1"]
[WhiteElo "2270"]
[BlackElo "2440"]

1.e4 d6 2.d4 g6 3.Nc3 Bg7 4.Nf3 Nf6 5.Be2 O-O 6.O-O a6 7.a4 b6 8.Bg5 h6 9.Bh4 Bb7
10.Bd3 Nc6 11.Re1 g5 12.e5 dxe5 13.dxe5 gxh4 14.exf6 Bxf6 15.Nxh4 e6 16.Qg4+ Bg7
17.Qe4 Re8 18.Re3 f5 19.Nxf5 exf5 20.Qxf5 Ne5 21.Qh7+ Kf8 22.Ne4 Qd5 23.Rg3 Re7
24.Re1 Qg8 25.Qf5+ Qf7 26.Qh7 Rd8 27.Ree3 Bxe4 28.Qxe4 Nxd3 29.Qxe7+ Qxe7
30.Rxe7 Kxe7 31.Rxg7+ Kf6 32.Rxc7 Nxb2 33.Rc6+ Ke7 34.f4 Nxa4 35.Rxh6 Rc8
36.Kf2 Rxc2+ 37.Kf3 a5 38.g4 Nc5 39.g5 a4 40.f5 a3 41.Rh7+ Kf8 42.g6 Rc3+
43.Kg4 Rc4+ 44.Kg5 a2 45.Rh8+ Ke7 46.f6+ Kd7 47.Rd8+ Kxd8 48.g7 Ne6+ 49.Kf5 Rf4+  0-1

[Event "RUS-Cup"]
[Site "Krasnodar"]
[Date "1998.??.??"]
[Round "8"]
[White "Brodsky, Michail"]
[Black "Gelman, Alexander"]
[Result "1-0"]
[WhiteElo "2545"]
[BlackElo "2440"]

1.e4 d6 2.d4 g6 3.Nc3 Bg7 4.g3 Nc6 5.Be3 e5 6.dxe5 Nxe5 7.f4 Nd7 8.Nge2 Ngf6
9.Bg2 O-O 10.O-O Re8 11.h3 Nb6 12.Qd3 Qe7 13.Bf2 Nfd7 14.Rae1 Nc5 15.Qd2 Nca4
16.b3 Nxc3 17.Nxc3 Bd7 18.a4 Bc6 19.Re3 a6 20.Rfe1 Qf6 21.Rd3 h5 22.a5 Nd7
23.e5 Qf5 24.Nd5 dxe5 25.Ne3 Qf6 26.Bxc6 Qxc6 27.Rxd7 exf4 28.Nd5 fxg3 29.Bxg3 Rxe1+
30.Bxe1 Qxd7 31.Nf6+ Bxf6 32.Qxd7 Rd8 33.Qa4 Rd1 34.Qe8+ Kg7 35.Kg2  1-0

[Event "Krasnodar2"]
[Site "Krasnodar"]
[Date "1998.??.??"]
[Round "10"]
[White "Shovunov, Baatr"]
[Black "Tseshkovsky, Vitaly"]
[Result "0-1"]
[WhiteElo "2475"]
[BlackElo "2510"]

1.e4 g6 2.d4 Bg7 3.Nc3 d6 4.Be3 c6 5.a4 a5 6.Nge2 Na6 7.g3 Nb4 8.Bg2 f5 9.f3 Nf6
10.h3 O-O 11.O-O e5 12.Na2 exd4 13.Bxd4 fxe4 14.fxe4 Qe7 15.Nxb4 axb4 16.Qd3 Be6
17.b3 Rae8 18.g4 d5 19.Ng3 c5 20.exd5 Bd7 21.Bf2 Nxg4 22.hxg4 Rxf2 23.Rxf2 Bxa1
24.d6 Qe1+ 25.Rf1 Bd4+ 26.Kh1 Qe5 27.Ne4 Rf8 28.Rxf8+ Kxf8 29.Qf3+ Kg7 30.g5 b6
31.Nf6 Qe1+ 32.Bf1 Qh4+ 33.Bh3 Bc6 34.Ne8+ Kh8  0-1

[Event "RUS-Cup"]
[Site "Krasnoiarsk"]
[Date "1998.??.??"]
[Round "2"]
[White "Landa, Konstantin"]
[Black "Gelman, Alexander"]
[Result "1/2-1/2"]
[WhiteElo "2505"]
[BlackElo "2440"]

1.d4 d6 2.e4 g6 3.Nc3 Bg7 4.g3 Nc6 5.Be3 e5 6.dxe5 Nxe5 7.h3 f5 8.exf5 Bxf5
9.Nf3 Ne7 10.Nxe5 Bxe5 11.Bg2 Qd7 12.g4 Be6 13.Bd4 O-O-O 14.Qf3 Qc6 15.Bxe5 Qxf3  1/2-1/2

[Event "RUS-ch sf"]
[Site "Kstovo"]
[Date "1998.??.??"]
[Round "1"]
[White "Hasangatin, Ramil"]
[Black "Rudakov, Evgenij"]
[Result "1-0"]
[WhiteElo "2460"]
[BlackElo "2190"]

1.e4 g6 2.d4 Bg7 3.Nc3 d6 4.Be3 Nf6 5.h3 O-O 6.g4 c6 7.Bg2 e5 8.Nge2 Nbd7
9.a4 exd4 10.Bxd4 Re8 11.O-O Qe7 12.Ng3 b6 13.g5 Nh5 14.Nxh5 Bxd4 15.Qxd4 gxh5
16.f4 Nc5 17.Rad1 Ba6 18.Rf2 Rad8 19.b4 Ne6 20.Qe3 Bb7 21.f5 Nc7 22.Qf4 Na6
23.Rfd2 Nxb4 24.Rxd6 Nd5 25.Nxd5 cxd5 26.Rxd8 Rxd8 27.exd5 Qe2 28.Rd2 Qe1+
29.Kh2 Re8 30.Rd4 Bc8 31.Re4 Rxe4 32.Bxe4 Qe2+ 33.Bg2 Qxc2 34.f6 Qf5 35.Qxf5 Bxf5
36.Bf1 Bd7 37.Bb5 Bxb5 38.axb5  1-0

[Event "RUS-ch sf"]
[Site "Kstovo"]
[Date "1998.??.??"]
[Round "6"]
[White "Igudesman, K."]
[Black "Rudakov, Evgenij"]
[Result "1-0"]
[WhiteElo "2370"]
[BlackElo "2190"]

1.e4 d6 2.d4 g6 3.Nc3 Bg7 4.Be3 Nf6 5.h3 c6 6.g4 b5 7.Bg2 b4 8.Nce2 O-O 9.Qd2 Qb6
10.Bh6 Bxh6 11.Qxh6 e5 12.dxe5 dxe5 13.Ng3 Qc5 14.Nf3 Nbd7 15.O-O Qxc2 16.Rac1 Qa4
17.Rfd1 Ne8 18.Rxd7 Bxd7 19.Ng5 Nf6 20.Nh5 gxh5 21.Qxf6 Qxa2 22.Bf1 Be6 23.Qh6  1-0

[Event "RUS-ch sf"]
[Site "Kstovo"]
[Date "1998.??.??"]
[Round "7"]
[White "Novgorodskij, Vladimir"]
[Black "Rudakov, Evgenij"]
[Result "0-1"]
[WhiteElo "2420"]
[BlackElo "2190"]

1.e4 d6 2.d4 g6 3.Nc3 Bg7 4.Be3 Nf6 5.f3 c6 6.Qd2 b5 7.Nge2 Nbd7 8.g4 Nb6
9.Ng3 a6 10.Bh6 Bxh6 11.Qxh6 e5 12.dxe5 dxe5 13.Be2 Ng8 14.Qe3 Qd4 15.Nd1 Be6
16.h4 O-O-O 17.h5 Ne7 18.Qa3 Rd7 19.Qxa6+ Kb8 20.Qa5 Na4 21.c3 Qd2+ 22.Kf2 f5
23.b3 fxg4 24.bxa4 Rf8 25.Qb6+ Rb7 26.Qc5 gxf3 27.Qxe5+ Ka8  0-1

[Event "RUS-ch sf"]
[Site "Kstovo"]
[Date "1998.??.??"]
[Round "8"]
[White "Rudakov, Evgenij"]
[Black "Kornev, Alexei"]
[Result "0-1"]
[WhiteElo "2190"]
[BlackElo "2395"]

1.e4 g6 2.d4 Bg7 3.Nc3 d6 4.f4 Nc6 5.Be3 Nf6 6.Nf3 O-O 7.Be2 e6 8.Qd2 b6
9.O-O-O Bb7 10.Ng5 Ne7 11.Bf3 h6 12.Nh3 c5 13.e5 Nfd5 14.Nxd5 Nxd5 15.dxc5 dxe5
16.Bxd5 Qxd5 17.fxe5 Qxa2  0-1

[Event "La Coruna op"]
[Site "La Coruna"]
[Date "1998.??.??"]
[Round "?"]
[White "Guerra Bastida, Diego"]
[Black "Rivera, Daniel"]
[Result "1/2-1/2"]
[WhiteElo "2300"]
[BlackElo "2365"]

1.d4 g6 2.e4 Bg7 3.Nc3 d6 4.g3 Nf6 5.Bg2 O-O 6.Nge2 Nbd7 7.O-O c5 8.d5 Rb8
9.a4 b6 10.Nb5 Rb7 11.c4 a6 12.Na3 Ne8 13.Rb1 Nc7  1/2-1/2

[Event "VfB op 5th"]
[Site "Leipzig"]
[Date "1998.??.??"]
[Round "3"]
[White "Vogt, Lothar"]
[Black "Schwarz, Arnd Ruediger"]
[Result "1-0"]
[WhiteElo "2510"]
[BlackElo "2140"]

1.e4 g6 2.d4 Bg7 3.Nc3 d6 4.Be3 Nf6 5.f3 c6 6.Qd2 O-O 7.g4 Nbd7 8.h4 h5 9.Bh6 Qa5
10.Bxg7 Kxg7 11.g5 Ne8 12.Nge2 e5 13.f4 b5 14.dxe5 b4 15.Nd1 dxe5 16.f5 Nc5
17.Ng3 Ba6 18.Bxa6 Nxa6 19.O-O Rd8 20.Qe2 Qb6+ 21.Nf2 Nec7 22.Kg2 Nb5 23.Rac1 Nac7
24.c3 bxc3 25.bxc3 Rd7 26.Qf3 Rd2 27.a4 Nd6 28.Rfd1 Rxd1 29.Rxd1 c5 30.Nf1 Qc6
31.Ne3 f6 32.fxg6 Ne6 33.Rxd6  1-0

[Event "VfB op 5th"]
[Site "Leipzig"]
[Date "1998.??.??"]
[Round "4"]
[White "Bindrich, Oswald"]
[Black "Brock, Friedemann"]
[Result "1/2-1/2"]
[WhiteElo "2130"]
[BlackElo "2190"]

1.e4 g6 2.d4 Bg7 3.Nc3 d6 4.f4 c6 5.Be2 Qb6 6.Nf3 Bg4 7.Ng5 Bxe2 8.Nxe2 Nd7
9.O-O Ngf6 10.Qd3 h6 11.Nf3 d5 12.exd5 cxd5 13.f5 g5 14.Kh1 Ne4 15.Be3 Qc6
16.Nd2 Ndf6 17.c4 Nxd2 18.cxd5 Qxd5 19.Bxd2 Ne4 20.Nc3 Nxc3 21.Bxc3 O-O 22.Rae1 Rfe8
23.Qe4 Rad8 24.Qxd5 Rxd5 25.f6 Bf8 26.fxe7 Rxe7 27.g4 b5 28.a3 a6 29.h3 Kg7
30.Kg2 Kg6 31.Kf3 f5 32.Rxe7 Bxe7 33.Re1 Kf6 34.Re2 Bd6 35.Re8 a5 36.Bxa5  1/2-1/2

[Event "Leon op"]
[Site "Leon"]
[Date "1998.??.??"]
[Round "9"]
[White "Izeta Txabarri, Felix"]
[Black "Vasallo, Mauricio"]
[Result "1/2-1/2"]
[WhiteElo "2475"]
[BlackElo "2410"]

1.d4 g6 2.e4 Bg7 3.Nc3 d6 4.Bd3 a6 5.a4 Nd7 6.Nge2 c5 7.d5 Ngf6 8.f3 Ne5
9.Ng3 h5 10.Be2 Qa5 11.O-O Rb8 12.Qe1 h4 13.Nh1 h3 14.g4 Qb4 15.Nf2 Nc4 16.Bxc4 Qxc4
17.e5 Nd7 18.Nfd1  1/2-1/2

[Event "POR-ch"]
[Site "Lisbon"]
[Date "1998.??.??"]
[Round "5"]
[White "Fernando, Diogo"]
[Black "Galego, Luis"]
[Result "1/2-1/2"]
[WhiteElo "2185"]
[BlackElo "2425"]

1.e4 d6 2.d4 g6 3.Nc3 Bg7 4.Nge2 Nf6 5.g3 O-O 6.Bg2 e5 7.h3 Bd7 8.O-O exd4
9.Nxd4 Nc6 10.Nde2 Rb8 11.f4 b5 12.a3 a5 13.g4 b4 14.axb4 axb4 15.Nd5 Re8
16.Qd3 Ne7 17.c4 bxc3 18.Ndxc3 Nc6 19.Ng3 Nb4 20.Qd1 Bc6 21.Be3 Nd7 22.Rf2 Nc5
23.Rd2 Qe7 24.Ra7 Ra8 25.Rxa8 Rxa8 26.Bxc5 dxc5 27.e5 c4 28.Bxc6 Qc5+ 29.Kh2 Nxc6
30.Qg1 Qxg1+ 31.Kxg1 g5 32.fxg5 Nxe5 33.Kg2 Nd3 34.Nf5 Be5 35.Kf3 Ra1 36.Ke4 Re1+
37.Kd5 Bf4 38.Rg2 Bxg5 39.Kxc4 Ne5+ 40.Kd5 Ng6 41.Kc6 Nf4 42.Rg3 Ne6 43.Nd5 Ra1  1/2-1/2

[Event "Ljubljana op"]
[Site "Ljubljana"]
[Date "1998.??.??"]
[Round "6"]
[White "Pavasovic, Dusko"]
[Black "Delchev, Aleksander"]
[Result "1/2-1/2"]
[WhiteElo "2505"]
[BlackElo "2545"]

1.e4 g6 2.d4 Bg7 3.Nc3 d6 4.Nf3 Nf6 5.Be2 O-O 6.O-O c6 7.Re1 Nbd7 8.e5 Ne8
9.Bf4 dxe5 10.dxe5 Nc7 11.Qc1 Ne6 12.Bh6 Qb6 13.Bc4 Ndc5 14.Bxg7 Kxg7 15.a3 a5
16.Qe3 Rd8 17.Bxe6 Bxe6 18.Ne4 Nd7 19.Nd4 Kg8 20.c3 Bd5 21.Qh6 Bxe4 22.Rxe4 Qxb2
23.Rae1 Nf8 24.e6 f6 25.R4e3 Rd5 26.Qf4 Qb6 27.a4 Rad8 28.h4 R8d6 29.Nf5 gxf5
30.Rg3+ Ng6 31.Qh6 Qd8 32.Rxg6+ hxg6 33.Qxg6+ Kh8 34.Qh6+ Kg8 35.Qg6+  1/2-1/2

[Event "World Cup blind"]
[Site "Logrono"]
[Date "1998.??.??"]
[Round "6"]
[White "Milicevic, Miodrag"]
[Black "Krylov, Sergey"]
[Result "0-1"]
[WhiteElo "2250"]
[BlackElo "2320"]

1.d4 g6 2.e4 Bg7 3.Nc3 d6 4.Nf3 a6 5.a4 b6 6.Bc4 Nf6 7.Qe2 O-O 8.e5 Ne8 9.Bg5 dxe5
10.dxe5 c6 11.h3 Nc7 12.Rd1 Qe8 13.Qe3 b5 14.Bb3 Ne6 15.Bh6 a5 16.Bxg7 Kxg7
17.O-O Na6 18.Ne4 Nac7 19.Rd2 bxa4 20.Bxa4 Ba6 21.Rfd1 Bb5 22.Bb3 Qb8 23.Rd7 Nd5
24.Bxd5 cxd5 25.R7xd5 Bc6 26.R5d2 Qxb2 27.Neg5 Bxf3 28.Nxf3 Rfc8 29.Qb3 Qc3
30.Qb7 Qc7 31.Qe4 a4 32.Ra1 a3 33.Ra2 Ra5 34.Qb4 Rb8 35.Qe4 Qc3 36.Qd3 Qb2
37.c4 Qb4 38.Rdc2 Rd8 39.Qc3 Qc5 40.Rd2 Rxd2 41.Nxd2 Ra4 42.Qb3 Qa5 43.Qb5 Qa8
44.Nb3 Nf4 45.f3 Nd3 46.Qd7 Qa7+ 47.Qxa7 Rxa7 48.e6 Nb4 49.Ra1 a2 50.Rc1 f5
51.Kf1 Kf6 52.Ke2 Ra3 53.Na1 Kxe6  0-1

[Event "SLO-ch"]
[Site "Maribor"]
[Date "1998.??.??"]
[Round "11"]
[White "Zupe, Miran"]
[Black "Sermek, Drazen"]
[Result "1/2-1/2"]
[WhiteElo "2410"]
[BlackElo "2510"]

1.e4 g6 2.d4 Bg7 3.Nc3 d6 4.Nf3 Nf6 5.Be2 O-O 6.O-O c6 7.a4 a5 8.Re1 Bg4
9.h3 Bxf3 10.Bxf3 e5 11.dxe5 dxe5 12.Be3  1/2-1/2

[Event "Miercurea Ciuc op"]
[Site "Miercurea Ciuc"]
[Date "1998.??.??"]
[Round "1"]
[White "Ardeleanu, George Catalin"]
[Black "Puskas, Janos"]
[Result "1-0"]
[WhiteElo "2295"]
[BlackElo "2100"]

1.e4 d6 2.d4 g6 3.Nc3 Bg7 4.f4 Nf6 5.Nf3 O-O 6.Bd3 Nc6 7.e5 dxe5 8.fxe5 Nd5
9.Nxd5 Qxd5 10.c3 Bg4 11.h3 Bxf3 12.Qxf3 e6 13.Be4 Qd7 14.Bg5 Na5 15.b4 Nc6
16.Rd1 a5 17.b5 Na7 18.Bxb7 Rab8 19.a4 Nxb5 20.Bc6 Nxd4 21.cxd4 Qc8 22.Be7 Qa6
23.Bb5 Rxb5 24.axb5 Qxb5 25.Bxf8 Bxf8 26.Qd3 Bb4+ 27.Kf2 Qd5 28.Rhf1 c5 29.Qf3 Qd7
30.d5 c4 31.dxe6 Qa7+ 32.Kg3 fxe6 33.Qf6 Be7 34.Rd8+  1-0

[Event "Miercurea Ciuc op"]
[Site "Miercurea Ciuc"]
[Date "1998.??.??"]
[Round "3"]
[White "Todirel, Ileana Sinziana"]
[Black "Moldovan, Daniel"]
[Result "1-0"]
[WhiteElo "2135"]
[BlackElo "2420"]

1.e4 g6 2.d4 Bg7 3.Nc3 d6 4.Nge2 Nf6 5.g3 O-O 6.Bg2 Na6 7.h3 c5 8.Be3 cxd4
9.Nxd4 Nc5 10.O-O Bd7 11.Qd2 a6 12.a4 Rb8 13.Bh6 b5 14.Bxg7 Kxg7 15.axb5 axb5
16.b4 Ne6 17.Ra5 Nxd4 18.Qxd4 Qb6 19.Qd3 Rfc8 20.g4 Qc6 21.Ra3 Qc4 22.g5 Nh5
23.Nd5 e6 24.Nf6 Nxf6 25.gxf6+ Kxf6 26.Qxd6 Be8 27.f4 Kg7 28.f5 exf5 29.exf5 Kg8
30.fxg6 hxg6 31.Bd5 Qd4+ 32.Kh1 Kg7 33.Rd3 Rb6 34.Qe7 Qb2 35.Bxf7  1-0

[Event "Miercurea Ciuc op"]
[Site "Miercurea Ciuc"]
[Date "1998.??.??"]
[Round "7"]
[White "Kutnik, Alexandru"]
[Black "Puskas, Janos"]
[Result "1-0"]
[WhiteElo "2270"]
[BlackElo "2100"]

1.e4 d6 2.d4 g6 3.Nc3 Bg7 4.Be3 a6 5.Qd2 b5 6.Bd3 Bb7 7.a3 Nd7 8.Nf3 c5 9.O-O cxd4
10.Nxd4 Nc5 11.f3 Nf6 12.Bh6 O-O 13.Bxg7 Kxg7 14.Kh1 e5 15.Nde2 d5 16.exd5 Nxd5
17.Ne4 Ne6 18.Rad1 f5 19.Nf2 Qb6 20.Rc1 Ne3 21.Rfe1 Rad8 22.Ng3 Nxg2 23.Kxg2 Qc6
24.Qe3 Nd4 25.Be2 Nxf3 26.Bxf3 e4 27.Nfxe4 fxe4 28.Bxe4 Qc7 29.Bxb7 Qxb7+
30.Qe4 Rd2+ 31.Kh1 Qb6 32.Qe5+ Kg8 33.Qe6+ Qxe6 34.Rxe6 Rff2 35.Nf1 Rxc2
36.Rxc2 Rxc2 37.b4 a5 38.bxa5 Rc3 39.Rb6 Rxa3 40.Rxb5 Ra2 41.Ne3 Kf7 42.Nd5 Ke6
43.Nb4 Ra3 44.a6 Kd6 45.Rb7 h5 46.h4 Ra4 47.a7 Kc5 48.Kg2 Ra3 49.Kf2 Kd6
50.Rb6+ Kc7 51.Ra6 Rxa6 52.Nxa6+ Kb7 53.Nc5+ Kxa7 54.Kf3 Kb6 55.Nd3 Kc6 56.Kf4 Kd6
57.Kg5 Ke7 58.Kxg6 Kf8 59.Nf4 Kg8 60.Nxh5 Kh8 61.Ng3 Kg8 62.Nf5 Kh8 63.Nd6 Kg8
64.h5 Kh8 65.h6 Kg8 66.h7+  1-0

[Event "Miskolc Avas op"]
[Site "Miskolc"]
[Date "1998.??.??"]
[Round "2"]
[White "Turzo, Attila"]
[Black "Nagy, Kalman"]
[Result "1-0"]
[WhiteElo "2415"]
[BlackElo "2220"]

1.d4 g6 2.e4 Bg7 3.Nc3 d6 4.Be3 Nc6 5.Qd2 e5 6.Nge2 Nge7 7.O-O-O h5 8.Kb1 a6
9.f4 exd4 10.Nxd4 Bg4 11.Be2 Bxe2 12.Qxe2 Qc8 13.Nxc6 bxc6 14.Bd4 O-O 15.f5 Bxd4
16.Rxd4 Rb8 17.f6 Qb7 18.b3 Nc8 19.g4 Qb6 20.Qd2 Kh7 21.gxh5 Na7 22.e5 Nb5
23.hxg6+ fxg6 24.Nxb5 Qxb5 25.Rh4+ Kg8 26.Qh6 Kf7 27.e6+ Kxe6 28.Re1+  1-0

[Event "Miskolc Avas op"]
[Site "Miskolc"]
[Date "1998.??.??"]
[Round "9"]
[White "Gonczi, Jozsef"]
[Black "Lorincz, Otto"]
[Result "1-0"]
[WhiteElo "2140"]
[BlackElo "2005"]

1.e4 g6 2.d4 Bg7 3.Nc3 d6 4.f4 Nf6 5.Nf3 O-O 6.Bd3 Bg4 7.h3 Bxf3 8.Qxf3 e5
9.fxe5 dxe5 10.Bg5 h6 11.Bh4 g5 12.dxe5 Nfd7 13.Bg3 Nxe5 14.Bxe5 Bxe5 15.O-O-O Qf6
16.Qh5 Bxc3 17.bxc3 Kg7 18.h4 Nc6 19.hxg5 Qxg5+ 20.Qxg5+ hxg5 21.Rh5 Kg6
22.Rdh1 Ne5 23.Rh7 Kf6 24.Rf1+ Ke6 25.Rf5 Rad8 26.Be2 g4 27.Rg7 Rg8 28.Rgg5 f6
29.Rxe5+ fxe5 30.Bc4+ Kf6 31.Rxg8 Rd6 32.Rxg4 Rc6 33.Bd5 Rxc3 34.Bxb7 c6
35.Ba6 c5 36.Kd2 Ra3 37.Bc4 Ra4 38.Kd3 Rb4 39.Rg8 Rb1 40.g4  1-0

[Event "Petrosian mem-J"]
[Site "Moscow"]
[Date "1998.??.??"]
[Round "?"]
[White "Kasymov, Oleg"]
[Black "Bereslavsky, Mikhail"]
[Result "0-1"]
[WhiteElo "2250"]
[BlackElo "2075"]

1.e4 d6 2.d4 g6 3.Nc3 Bg7 4.Be3 Nf6 5.f3 O-O 6.Qd2 c6 7.h4 h5 8.Nh3 b5 9.Nf2 Nbd7
10.Be2 Nb6 11.Bg5 Be6 12.g4 hxg4 13.fxg4 Qc8 14.Qf4 b4 15.Ncd1 c5 16.d5 Nfxd5
17.exd5 Bxd5 18.Bf3 Be5 19.Qe3 Nc4 20.Qe2 Bxf3 21.Qxf3 Nxb2 22.Rb1 Qe6 23.Qb3 Bc3+
24.Kf1 c4  0-1

[Event "Goldberg mem"]
[Site "Moscow"]
[Date "1998.??.??"]
[Round "2"]
[White "Komliakov, Viktor"]
[Black "Gelman, Alexander"]
[Result "1/2-1/2"]
[WhiteElo "2510"]
[BlackElo "2440"]

1.e4 d6 2.d4 g6 3.Nc3 Bg7 4.Nge2 Nf6 5.g3 O-O 6.Bg2 Nc6 7.h3 e5 8.Be3 Bd7
9.d5 Ne7 10.g4 c6 11.Ng3 cxd5 12.exd5 Ne8 13.g5 f5 14.gxf6 Nxf6 15.Qd2 Nf5
16.Bg5 Qb6 17.O-O-O Rac8 18.Kb1 Rc4 19.Nxf5 Bxf5 20.Be3 Qa5 21.Bf1 Rcc8 22.Bd3 Kh8
23.Nb5 Qxd2 24.Rxd2 Be4 25.Re1 Bxd5 26.Nxd6 Rcd8 27.c4 b6 28.Nb5 Ne4 29.Rde2  1/2-1/2

[Event "RUS-Cup02"]
[Site "Moscow"]
[Date "1998.??.??"]
[Round "3"]
[White "Bryzgalin, Kirill"]
[Black "Kuritsin, Vasily M"]
[Result "1-0"]
[WhiteElo "2335"]
[BlackElo "2175"]

1.e4 d6 2.d4 g6 3.Nc3 Bg7 4.Be2 f6 5.Be3 Nh6 6.Qd2 Nf7 7.O-O-O e6 8.h4 h6
9.f4 Nc6 10.Nf3 Ne7 11.g4 c6 12.g5 fxg5 13.hxg5 h5 14.Nh4 Qa5 15.e5 Rg8 16.Bd3 Bf8
17.Ne4 Qxa2 18.c3 Qa1+ 19.Kc2 Qa4+ 20.Kb1 Kd8 21.exd6 Nf5 22.Nxf5 exf5 23.Nc5  1-0